000
00388nam a22001217a 4500
999
_c
13573
_d
13573
082
_a
891.47741
100
_a
نصرت مرزا
245
_a
چہٹی عرب اسرائیل جنگ
_b
حزب الله کے ہاتھوں اسرائیل کی شکست
260
_a
کراچی
_b
رابطہ پبلیکیشنز
_c
٢٠٠٦
300
_a
368 صفحات
650
_a
Arab-Israel, War,
942
_c
BK